Statistics for A Answers Quiz #2

Click here to take the quiz!

General Stats

  • This quiz has been taken 51,708 times
  • The average score is 15 of 24

Answer Stats

ClueAnswer% Correct
World's most massive riverAmazon
94%
The Little Mermaid's first nameAriel
86%
City where you can see the ParthenonAthens
86%
Sunburn-soothing plantAloe
84%
"Water" in SpanishAgua
82%
System of segregation in South AfricaApartheid
80%
Germany luxury carmakerAudi
79%
Blacksmith's tool that might crush
a cartoon character
Anvil
75%
Class of animals that includes
spiders and scorpions
Arachnid
73%
Native American tribe or attack helicopterApache
69%
Cherub or seraphAngel
68%
"Thank you" in Japan: Domo _______Arigato
65%
Major city in BelgiumAntwerp
64%
ÖsterreichAustria
62%
Jason's ship or Ben Affleck movieArgo
61%
Eggplant, to a BritAubergine
59%
Galaxy near the Milky WayAndromeda
58%
The last tsar's youngest daughterAnastasia
48%
Region of southern SpainAndalusia
46%
Sampras's rivalAgassi
45%
Greek fabulistAesop
43%
Mr. VespucciAmerigo
41%
World where Valhalla can be foundAsgard
32%
Movie about a slave ship mutinyAmistad
18%

Score Distribution

Percentile by Number Answered

Percent of People with Each Score

Your Score History

You have not taken this quiz